[Event "SV Mülheim-Nord 2 - SV Dinslaken 1"]
[Site "Oberliga NRW 2019/2020"]
[Date "2020.03.08"]
[Round "7.2"]
[White "Hoenig, Alexander"]
[Black "Welzel, Philipp"]
[Result "1/2-1/2"]
[WhiteElo "2182"]
[BlackElo "2252"]
[Annotator "Daniel"]
[PlyCount "86"]
[EventDate "2020.??.??"]
[SourceVersionDate "2020.03.16"]
[WhiteTeam "SV Mülheim-Nord 2"]
[BlackTeam "SV Dinslaken 1"]

1. d4 d5 2. Nf3 Nf6 3. Bf4 e6 4. Nbd2 Bd6 5. Bg3 O-O 6. e3 b6 7. Ne5 c5 8. c3
Bb7 9. Bd3 Nc6 10. Qf3 Qc7 11. Nxc6 Bxc6 12. Bxd6 Qxd6 13. Qg3 Qxg3 14. hxg3 h6
15. f4 Rfc8 16. Nf3 Be8 17. Ke2 a5 18. a3 c4 19. Bc2 b5 20. Nd2 Bc6 21. Kf3 $11
Kf8 22. g4 Ke7 23. g5 hxg5 24. fxg5 Nd7 25. Rh7 Rg8 26. e4 dxe4+ 27. Bxe4 Bd5
28. Bxd5 exd5 29. Re1+ Kd6 30. Kg4 Nf8 31. Rh3 Ng6 32. Rhe3 b4 33. axb4 axb4
34. b3 Ra2 35. R1e2 cxb3 36. cxb4 Rc8 37. Nxb3 Rxe2 38. Rxe2 Rc4 39. b5 Rb4 40.
Re3 Rxb5 41. Nd2 Rb4 42. Nf3 Nf8 43. Ra3 Ne6 1/2-1/2

[Event "SV Mülheim-Nord 2 - SV Dinslaken 1"]
[Site "Oberliga NRW 2019/2020"]
[Date "2020.03.08"]
[Round "7.3"]
[White "Mundorf, Johannes"]
[Black "Bus, Tom"]
[Result "1/2-1/2"]
[WhiteElo "2185"]
[BlackElo "2095"]
[Annotator "Daniel"]
[PlyCount "55"]
[EventDate "2020.??.??"]
[SourceVersionDate "2020.03.16"]
[WhiteTeam "SV Dinslaken 1"]
[BlackTeam "SV Mülheim-Nord 2"]

1. Nf3 Nf6 2. g3 b6 3. Bg2 Bb7 4. O-O c5 5. c4 g6 6. b3 Bg7 7. Bb2 O-O 8. Nc3
d6 9. d4 cxd4 10. Qxd4 Ne4 11. Qe3 Nxc3 $11 12. Bxc3 Bxc3 13. Qxc3 Nd7 14. Rfd1
Rc8 15. Qe3 Rc5 16. Rd4 Nf6 17. Rc1 Re8 18. b4 Rc7 19. Ne1 Bxg2 20. Nxg2 Qd7
21. Qh6 Rec8 22. Ne3 Qe8 23. Rcd1 Qf8 24. Qg5 h6 25. Qh4 Kg7 26. g4 a5 27. a3
Ra8 28. g5 1/2-1/2

[Event "SV Mülheim-Nord 2 - SV Dinslaken 1"]
[Site "Oberliga NRW 2019/2020"]
[Date "2020.03.08"]
[Round "7.4"]
[White "Walter, Andreas"]
[Black "Borchert, Rene"]
[Result "0-1"]
[WhiteElo "2102"]
[BlackElo "2173"]
[Annotator "Daniel"]
[PlyCount "76"]
[EventDate "2020.??.??"]
[SourceVersionDate "2020.03.16"]
[WhiteTeam "SV Mülheim-Nord 2"]
[BlackTeam "SV Dinslaken 1"]

1. d4 d5 2. c4 c6 3. cxd5 cxd5 4. Bf4 Nc6 5. e3 Nf6 6. Nc3 e6 7. Bd3 a6 8. Rc1
Bd7 9. h3 b5 10. Nf3 Be7 11. O-O O-O 12. Ne5 Rc8 13. a4 b4 14. Ne2 Qb6 15. Ng3
Nxe5 16. Rxc8 Rxc8 17. Bxe5 a5 18. b3 Ne8 19. Ne2 $11 Bd6 20. Bxd6 Qxd6 21. Qb1
Nf6 22. Rc1 Rxc1+ 23. Qxc1 Kf8 24. Bb1 Ke7 25. f3 Qc6 26. Qxc6 Bxc6 27. Nf4 h6
28. Nd3 Nd7 29. Nb2 Kd6 30. h4 f6 31. f4 Bb7 32. Bd3 e5 33. Bb5 Nf8 34. fxe5+
fxe5 35. dxe5+ Kxe5 36. Nd3+ Kd6 37. Nf4 Ne6 38. g3 Nc5 0-1

[Event "SV Mülheim-Nord 2 - SV Dinslaken 1"]
[Site "Oberliga NRW 2019/2020"]
[Date "2020.03.08"]
[Round "7.5"]
[White "Ossig, Rainer"]
[Black "Limbourg, Philipp"]
[Result "0-1"]
[WhiteElo "2162"]
[BlackElo "2218"]
[Annotator "Daniel"]
[PlyCount "110"]
[EventDate "2020.??.??"]
[SourceVersionDate "2020.03.16"]
[WhiteTeam "SV Dinslaken 1"]
[BlackTeam "SV Mülheim-Nord 2"]

1. Nf3 g6 2. d4 Bg7 3. g3 c5 4. d5 Nf6 $11 5. Bg2 d6 6. O-O O-O 7. Nc3 Nbd7 8.
e4 b5 9. Re1 b4 10. Nb1 Bb7 11. c4 bxc3 12. Nxc3 Rb8 13. Qc2 Ng4 14. Bf1 Qc8
15. h3 Nge5 16. Nd2 c4 17. f4 Nd3 18. Bxd3 cxd3 19. Qxd3 Nc5 20. Qf3 $11 Qxh3
21. Nb3 Ba6 22. Qg2 Qc8 23. Nxc5 Qxc5+ 24. Be3 Qb4 25. Bxa7 Rb7 26. Be3 Rc8 27.
Rac1 Qxb2 28. Na4 Rxc1 29. Rxc1 Qxg2+ 30. Kxg2 Rb4 31. Nc3 Bd3 32. e5 dxe5 33.
Bc5 Rc4 34. d6 exd6 35. Bb6 exf4 36. Ba5 fxg3 37. Kxg3 d5 38. a3 Bxc3 39. Rxc3
Rxc3 40. Bxc3 f5 41. Kf4 Kf7 42. Kg5 Ke6 43. Bd4 Bc2 44. Bc3 Kd6 45. Bd4 Kc6
46. Kh6 f4 47. Kg5 f3 48. Kf4 Bd1 49. Ke5 h5 50. Bf2 g5 51. Kf5 h4 52. Kg4 d4
53. Kh3 Kd5 54. Kh2 Ke4 55. Kg1 Ba4 0-1

[Event "SV Mülheim-Nord 2 - SV Dinslaken 1"]
[Site "Oberliga NRW 2019/2020"]
[Date "2020.03.08"]
[Round "7.6"]
[White "Oltmanns, Jan"]
[Black "Sonnenschein, Philipp"]
[Result "1/2-1/2"]
[WhiteElo "2025"]
[BlackElo "2154"]
[PlyCount "68"]
[EventDate "2020.??.??"]
[SourceVersionDate "2020.03.16"]
[WhiteTeam "SV Mülheim-Nord 2"]
[BlackTeam "SV Dinslaken 1"]

1. e4 c5 2. Nf3 Nc6 3. d4 cxd4 4. Nxd4 Nf6 5. Nc3 e5 6. Ndb5 d6 7. Bg5 a6 8.
Na3 b5 9. Nd5 Be7 10. Bxf6 Bxf6 11. c3 Bg5 12. Nc2 Rb8 13. Bd3 Be6 14. a4 bxa4
15. Rxa4 Rxb2 16. Qa1 Rb8 17. Rxa6 Ne7 18. Ncb4 Bxd5 19. exd5 O-O 20. O-O f5
21. Qa4 e4 22. Bb5 f4 23. Bd7 Kh8 24. Be6 f3 25. Qd7 Ng6 26. Qxd8 Rbxd8 27. Nc6
Ra8 28. Rxa8 Rxa8 29. gxf3 exf3 30. Bg4 Nh4 31. Nd4 Bf6 32. Nxf3 Nxf3+ 33. Bxf3
Bxc3 34. Rc1 Ra1 1/2-1/2

[Event "SV Mülheim-Nord 2 - SV Dinslaken 1"]
[Site "Oberliga NRW 2019/2020"]
[Date "2020.03.08"]
[Round "7.7"]
[White "Gorny, Michael"]
[Black "Brockhaus, Bernd"]
[Result "1-0"]
[WhiteElo "2025"]
[BlackElo "1945"]
[Annotator "Daniel"]
[PlyCount "91"]
[EventDate "2020.??.??"]
[SourceVersionDate "2020.03.16"]
[WhiteTeam "SV Dinslaken 1"]
[BlackTeam "SV Mülheim-Nord 2"]

1. d4 g6 2. e4 Bg7 3. Nc3 d6 4. Be3 c6 5. a4 Nf6 6. h3 Qa5 7. Bd3 Na6 8. Nf3
Nb4 9. O-O Nxd3 $11 10. Qxd3 O-O 11. Ne2 d5 12. e5 Ne4 13. Nd2 Bf5 14. Nb3 Qc7
15. Qd1 f6 16. f3 Ng5 17. Bxg5 fxg5 18. Qd2 h6 19. Ra3 Rad8 20. g4 Bc8 21. Qd3
Kh7 22. f4 b6 23. Nd2 c5 24. c3 Qc6 25. Raa1 Kg8 26. f5 c4 27. Qc2 gxf5 28.
gxf5 h5 29. Kg2 Bxe5 30. dxe5 d4+ 31. Qe4 Qxe4+ 32. Nxe4 Bb7 33. Nxd4 Bxe4+ 34.
Kh2 Rd5 35. Rg1 Kf7 36. Rae1 Bd3 37. Rxg5 Ra5 38. Rxh5 Rg8 39. Rh7+ Rg7 40. Rh8
Rxa4 41. e6+ Kf6 42. Rf8+ Kg5 43. Rg1+ Kh6 44. Rh8+ Rh7 45. Rg6+ Kh5 46. Rxh7#
1-0

[Event "SV Mülheim-Nord 2 - SV Dinslaken 1"]
[Site "Oberliga NRW 2019/2020"]
[Date "2020.03.08"]
[Round "7.8"]
[White "Cordes, Malte"]
[Black "Brockhaus, Philip"]
[Result "0-1"]
[WhiteElo "1841"]
[BlackElo "1979"]
[PlyCount "56"]
[EventDate "2020.??.??"]
[SourceVersionDate "2020.03.16"]
[WhiteTeam "SV Mülheim-Nord 2"]
[BlackTeam "SV Dinslaken 1"]

1. d4 d5 2. Nf3 Nf6 3. Bf4 e6 4. e3 Bd6 5. Ne5 O-O 6. Nd2 c5 7. c3 Nc6 8. Ndf3
Ne7 9. Bd3 b6 10. g4 Bb7 11. h4 Ne4 12. Ng5 h6 13. Nexf7 Rxf7 14. Nxf7 Kxf7 15.
Bxd6 Qxd6 16. g5 cxd4 17. Bxe4 dxe4 18. gxh6 g6 19. Qxd4 Qxd4 20. exd4 Rh8 21.
h5 g5 22. Rg1 Kf6 23. Kd2 Rxh6 24. Raf1 Rxh5 25. f3 Rh2+ 26. Kc1 exf3 27. c4
Be4 28. Rg4 Kf5 0-1

[Event "Godesberger SK 1 - SG Niederkassel 1"]
[Site "NRW-Liga - Gruppe 1 2019/2020"]
[Date "2019.09.15"]
[Round "1.1"]
[White "Wigger, Jochen"]
[Black "Nasuta, Grzegorz"]
[Result "0-1"]
[WhiteElo "2276"]
[BlackElo "2546"]
[PlyCount "88"]
[EventDate "2019.??.??"]
[SourceVersionDate "2020.03.16"]
[WhiteTeam "SG Niederkassel 1"]
[BlackTeam "Godesberger SK 1"]

1. d4 d5 2. c4 c6 3. cxd5 cxd5 4. Nc3 Nc6 5. Bf4 e6 6. e3 Bd6 7. Bg3 Nge7 8.
Bd3 O-O 9. Nf3 f6 10. Qb3 a6 11. Rc1 b5 12. O-O Bxg3 13. hxg3 Qd6 14. e4 Kh8
15. Rfe1 Bd7 16. exd5 exd5 17. Bb1 Rac8 18. Ne2 g5 19. Nd2 Kg7 20. Qf3 Rh8 21.
Nb3 h5 22. Nc5 Bg4 23. Qe3 Rce8 24. Qd3 h4 25. gxh4 Rxh4 26. f3 Bf5 27. Qe3
Reh8 28. Nb3 Rh2 29. f4 Bxb1 30. Rxb1 Nf5 31. Qd3 Nce7 32. Nd2 gxf4 33. Nf3
R2h5 34. Kf2 Ng6 35. Rbc1 Ng3 36. Nd2 Rg5 37. Rg1 Re8 38. Rce1 Ne4+ 39. Kf1
Nxd2+ 40. Qxd2 Re3 41. Rh1 Qe6 42. Rc1 Rxg2 43. Rc7+ Ne7 44. Rg1 Rf3+ 0-1

[Event "Godesberger SK 1 - SG Niederkassel 1"]
[Site "NRW-Liga - Gruppe 1 2019/2020"]
[Date "2019.09.15"]
[Round "1.2"]
[White "Teclaf, Pawel"]
[Black "Rybarczyk, Klaus"]
[Result "1/2-1/2"]
[WhiteElo "2421"]
[BlackElo "2174"]
[PlyCount "51"]
[EventDate "2019.??.??"]
[SourceVersionDate "2020.03.16"]
[WhiteTeam "Godesberger SK 1"]
[BlackTeam "SG Niederkassel 1"]

1. e4 c5 2. Nf3 d6 3. d4 cxd4 4. Nxd4 Nf6 5. Nc3 a6 6. Bc4 e6 7. Bb3 Nbd7 8.
Bg5 Nc5 9. f4 Be7 10. Qf3 O-O 11. O-O Qc7 12. f5 b5 13. Kh1 b4 14. Na4 Nxb3 15.
cxb3 Bd7 16. Rac1 Qb7 17. e5 Qxf3 18. Nxf3 dxe5 19. Nb6 Ra7 20. Nxe5 Bb5 21.
Rfe1 Bd8 22. Nc8 Ra8 23. fxe6 fxe6 24. Nd6 Nd5 25. Bxd8 Raxd8 26. Nxb5 1/2-1/2

[Event "Godesberger SK 1 - SG Niederkassel 1"]
[Site "NRW-Liga - Gruppe 1 2019/2020"]
[Date "2019.09.15"]
[Round "1.3"]
[White "Stanetzek, Carsten"]
[Black "Seger, Ruediger"]
[Result "1/2-1/2"]
[WhiteElo "2132"]
[BlackElo "2314"]
[PlyCount "66"]
[EventDate "2019.??.??"]
[SourceVersionDate "2020.03.16"]
[WhiteTeam "SG Niederkassel 1"]
[BlackTeam "Godesberger SK 1"]

1. e4 c6 2. d4 d5 3. exd5 cxd5 4. c3 Nf6 5. Bf4 Nc6 6. Nd2 Bf5 7. Ngf3 g6 8.
Qb3 Na5 9. Qa4+ Bd7 10. Qc2 Bg7 11. Bd3 Nc6 12. h3 Rc8 13. a3 O-O 14. O-O Nh5
15. Be5 Nxe5 16. Nxe5 Nf4 17. Nxd7 Qxd7 18. Nf3 b5 19. Rfe1 Nxd3 20. Qxd3 a5
21. Qe3 e6 22. Ne5 Qd6 23. Nd3 Rc4 24. Rad1 Rfc8 25. h4 Qd8 26. g3 Bf8 27. Ne5
R4c7 28. h5 b4 29. axb4 axb4 30. hxg6 hxg6 31. Rd3 bxc3 32. bxc3 Bg7 33. Kg2
Qf8 1/2-1/2

[Event "Godesberger SK 1 - SG Niederkassel 1"]
[Site "NRW-Liga - Gruppe 1 2019/2020"]
[Date "2019.09.15"]
[Round "1.4"]
[White "Koehler, Christian Friedrich"]
[Black "Mauelshagen, Martin"]
[Result "1-0"]
[WhiteElo "2260"]
[BlackElo "2105"]
[Annotator "Daniel"]
[PlyCount "127"]
[EventDate "2019.??.??"]
[SourceVersionDate "2020.03.16"]
[WhiteTeam "Godesberger SK 1"]
[BlackTeam "SG Niederkassel 1"]

1. d4 Nf6 2. Bf4 d5 3. e3 e6 4. Bd3 Bd6 5. Bg3 b6 6. c3 Bb7 7. Nd2 c5 8. Ne2
Qc7 9. O-O Nbd7 10. Bxd6 Qxd6 11. Ng3 h5 12. a4 h4 13. Ne2 g5 14. f3 O-O-O 15.
b4 cxb4 16. cxb4 Nh5 17. a5 f5 18. axb6 axb6 19. Nc3 Rdg8 20. Nb5 Qb8 21. Qa4
Kd8 22. Na7 Ke7 23. Bb5 Nhf6 24. Rfc1 f4 25. e4 dxe4 26. Bxd7 Nxd7 27. Nxe4
Bxe4 28. fxe4 Qd6 29. Nb5 Qb8 $11 30. Rc7 Rc8 31. Rac1 Rxc7 32. Nxc7 Qb7 33.
Rc6 Rh6 34. b5 Rf6 35. Qb4+ Kf7 36. Qd6 Nb8 37. e5 Rg6 38. d5 Nxc6 39. dxe6+
Kg7 40. bxc6 Qa7 41. Ne8+ Kh6 42. Nf6 Qa1+ 43. Kf2 Qb2+ 44. Kf3 g4+ 45. Nxg4+
Rxg4 46. e7+ Kh7 47. Kxg4 Qxg2+ 48. Kh5 Qf3+ 49. Kxh4 Qf2+ 50. Kg5 Qg2+ 51.
Kxf4 Qxh2+ 52. Ke4 Qg2+ 53. Kd4 Qd2+ 54. Kc4 Qa2+ 55. Kc3 Qa1+ 56. Kd2 Qb2+ 57.
Ke3 Qc1+ 58. Ke4 Qc2+ 59. Kf4 Qh2+ 60. Kf5 Qh5+ 61. Ke6 Qg4+ 62. Kd5 Qd1+ 63.
Kc4 Qc2+ 64. Kb5 1-0

[Event "Godesberger SK 1 - SG Niederkassel 1"]
[Site "NRW-Liga - Gruppe 1 2019/2020"]
[Date "2019.09.15"]
[Round "1.5"]
[White "Broehl, Stephan"]
[Black "Grabowski, Pawel"]
[Result "1-0"]
[WhiteElo "2093"]
[BlackElo "2268"]
[PlyCount "67"]
[EventDate "2019.??.??"]
[SourceVersionDate "2020.03.16"]
[WhiteTeam "SG Niederkassel 1"]
[BlackTeam "Godesberger SK 1"]

1. e4 e5 2. Nc3 Nc6 3. Bc4 g6 4. d3 Bg7 5. Qf3 Nf6 6. Bg5 Nd4 7. Qd1 d6 8. Nge2
Bg4 9. f3 Bxf3 10. O-O Nxe2+ 11. Nxe2 Bg4 12. Qe1 h6 13. Bxf6 Bxf6 14. Qf2 Bxe2
15. Qxf6 Qxf6 16. Rxf6 Bg4 17. Rxf7 b5 18. Bd5 O-O-O 19. h3 Bd7 20. Raf1 c6 21.
Bb3 a5 22. R1f6 d5 23. a4 Be8 24. Re7 dxe4 25. dxe4 Rd4 26. axb5 a4 27. Be6+
Kd8 28. Ra7 cxb5 29. Bd5 Rd2 30. Rb6 Rxc2 31. Be6 Rc7 32. Rb8+ Ke7 33. Rxc7+
Kxe6 34. Rb6+ 1-0

[Event "Godesberger SK 1 - SG Niederkassel 1"]
[Site "NRW-Liga - Gruppe 1 2019/2020"]
[Date "2019.09.15"]
[Round "1.6"]
[White "Kutzner, Stephen"]
[Black "Freundlieb, Thomas"]
[Result "1-0"]
[WhiteElo "2149"]
[BlackElo "2029"]
[PlyCount "111"]
[EventDate "2019.??.??"]
[SourceVersionDate "2020.03.16"]
[WhiteTeam "Godesberger SK 1"]
[BlackTeam "SG Niederkassel 1"]

1. d4 d5 2. c4 e6 3. Nc3 Nf6 4. Nf3 Be7 5. Bg5 h6 6. Bh4 Nbd7 7. e3 Ne4 8. Bxe7
Qxe7 9. Rc1 c6 10. Qc2 Nxc3 11. Qxc3 O-O 12. Be2 dxc4 13. Bxc4 b6 14. a4 Bb7
15. a5 c5 16. a6 Bxf3 17. gxf3 Qf6 18. dxc5 bxc5 19. Bb5 Rfd8 20. Qxf6 gxf6 21.
Rg1+ Kf8 22. Bc6 Ne5 23. Bxa8 Nd3+ 24. Ke2 Nxc1+ 25. Rxc1 Rxa8 26. Rxc5 Rb8 27.
Rc7 Rxb2+ 28. Kf1 Ra2 29. Rxa7 Kg7 30. Kg2 Ra1 31. Kg3 Ra2 32. h3 Ra4 33. Kh2
Ra2 34. Kg2 Ra1 35. Ra8 Ra2 36. Kf1 Ra1+ 37. Ke2 Ra2+ 38. Ke1 Kh7 39. Kd1 Rxf2
40. Rf8 Ra2 41. Rxf7+ Kg6 42. Ra7 Ra3 43. Kd2 Ra2+ 44. Kc3 Ra3+ 45. Kb4 Ra1 46.
Kb5 Rb1+ 47. Kc6 Ra1 48. Kd6 e5 49. Ke6 Ra3 50. Ra8 Kg7 51. Kf5 Rxe3 52. Ra7+
Kf8 53. Kg6 e4 54. Rf7+ Ke8 55. a7 Ra3 56. Rb7 1-0

[Event "Godesberger SK 1 - SG Niederkassel 1"]
[Site "NRW-Liga - Gruppe 1 2019/2020"]
[Date "2019.09.15"]
[Round "1.7"]
[White "Schnellbacher, Jan Eric"]
[Black "Stenzel, Thomas"]
[Result "1-0"]
[WhiteElo "1916"]
[BlackElo "2089"]
[PlyCount "120"]
[EventDate "2019.??.??"]
[SourceVersionDate "2020.03.16"]
[WhiteTeam "SG Niederkassel 1"]
[BlackTeam "Godesberger SK 1"]

1. e4 e6 2. d4 d5 3. exd5 exd5 4. Nf3 Nc6 5. Bb5 Bd6 6. c4 Bb4+ 7. Nc3 Nge7 8.
O-O O-O 9. Bxc6 bxc6 10. c5 Bxc3 11. bxc3 Bg4 12. Qd3 f6 13. h3 Bf5 14. Qa6 g5
15. Re1 Qd7 16. Bd2 Be4 17. Nh2 Kg7 18. f3 Bf5 19. Re2 Qd8 20. Rae1 Rf7 21. Nf1
Bc8 22. Qa3 a5 23. Qc1 Ng6 24. Ng3 Bd7 25. f4 h6 26. Qc2 Nh4 27. Nh5+ Kh8 28.
fxg5 hxg5 29. Rf1 Qf8 30. Ref2 f5 31. Bxg5 Ng6 32. Ng3 Qg8 33. Nxf5 Re8 34. Nh6
Rxf2 35. Qxf2 Qe6 36. Qf6+ Qxf6 37. Bxf6+ Kh7 38. Nf7 Re2 39. Rf2 Re1+ 40. Kh2
Nf8 41. Ne5 Be8 42. Bh4 Ng6 43. Nxg6 Bxg6 44. Rf7+ Bxf7 45. Bxe1 Kg6 46. Kg3
Kf5 47. Kf3 a4 48. a3 Bg6 49. Bg3 Kf6 50. Bxc7 Be4+ 51. Kf2 Kg5 52. Bd8+ Kf4
53. g3+ Kf5 54. g4+ Kg6 55. Kg3 Bc2 56. Kf4 Be4 57. h4 Bg2 58. Ke5 Bh3 59. Kd6
Bxg4 60. Kxc6 Be6 1-0

[Event "Godesberger SK 1 - SG Niederkassel 1"]
[Site "NRW-Liga - Gruppe 1 2019/2020"]
[Date "2019.09.15"]
[Round "1.8"]
[White "Wecker, Martin"]
[Black "Kneutgen, Alexander"]
[Result "1-0"]
[WhiteElo "2109"]
[BlackElo "1911"]
[PlyCount "113"]
[EventDate "2019.??.??"]
[SourceVersionDate "2020.03.16"]
[WhiteTeam "Godesberger SK 1"]
[BlackTeam "SG Niederkassel 1"]

1. Nf3 Nf6 2. c4 g6 3. g3 Bg7 4. Bg2 O-O 5. O-O d5 6. cxd5 Nxd5 7. d4 Nc6 8. e4
Nb6 9. d5 Na5 10. Nc3 c6 11. Bf4 cxd5 12. exd5 Nac4 13. Qe2 Bd7 14. Rac1 Rc8
15. b3 Nd6 16. Ne5 Be8 17. h4 Nd7 18. Rfe1 Nxe5 19. Bxe5 Bxe5 20. Qxe5 Rc7 21.
Ne4 Rxc1 22. Rxc1 f6 23. Qf4 Bf7 24. Nxd6 exd6 25. Qd4 a6 26. Qb4 Qe7 27. Qb6
Re8 28. Bf3 Qd7 29. Qc7 Re7 30. Qxd7 Rxd7 31. Rc8+ Kg7 32. Bg2 f5 33. f4 h6 34.
Kf2 g5 35. Bf3 Kf6 36. Ke3 gxh4 37. gxh4 Kg7 38. Kd4 Kf6 39. b4 Kg7 40. a4 Kf6
41. b5 axb5 42. axb5 Ke7 43. b6 Rd8 44. Rc7+ Rd7 45. Rc1 Kd8 46. Be2 Re7 47.
Bd3 Bh5 48. Bxf5 Re2 49. Be6 Bf3 50. f5 Re4+ 51. Kd3 Ke7 52. Rc7+ Kf6 53. Rxb7
Ke5 54. f6 Be2+ 55. Kd2 Kxf6 56. Rf7+ Kg6 57. b7 1-0

[Event "SG Porz 2 - SC Rochade Emsdetten 1"]
[Site "NRW-Liga - Gruppe 1 2019/2020"]
[Date "2019.09.15"]
[Round "1.1"]
[White "Kabatianski, Alexander"]
[Black "Suvorov, Luca"]
[Result "0-1"]
[WhiteElo "2308"]
[BlackElo "2217"]
[PlyCount "48"]
[EventDate "2019.??.??"]
[SourceVersionDate "2020.03.16"]
[WhiteTeam "SC Rochade Emsdetten 1"]
[BlackTeam "SG Porz 2"]

1. d4 Nf6 2. c4 e6 3. g3 d5 4. Bg2 Be7 5. Nf3 O-O 6. Qc2 c6 7. O-O Nbd7 8. b3
b6 9. Rd1 Bb7 10. Nc3 Rc8 11. e4 dxe4 12. Nxe4 c5 13. Nxf6+ Bxf6 14. Ng5 Bxg5
15. Bxb7 Rc7 16. dxc5 Bxc1 17. Raxc1 Rxb7 18. c6 Rc7 19. Rxd7 Rxd7 20. cxd7
Qxd7 21. Rd1 Qc6 22. Qd3 h5 23. f3 Qc5+ 24. Qd4 Rd8 0-1

[Event "SG Porz 2 - SC Rochade Emsdetten 1"]
[Site "NRW-Liga - Gruppe 1 2019/2020"]
[Date "2019.09.15"]
[Round "1.2"]
[White "Buscher, Michael"]
[Black "De Groote, Ewoud"]
[Result "1/2-1/2"]
[WhiteElo "2295"]
[BlackElo "2201"]
[PlyCount "83"]
[EventDate "2019.??.??"]
[SourceVersionDate "2020.03.16"]
[WhiteTeam "SG Porz 2"]
[BlackTeam "SC Rochade Emsdetten 1"]

1. Nf3 d5 2. g3 c6 3. Bg2 Bg4 4. d4 Nd7 5. O-O e6 6. Nbd2 Ngf6 7. Re1 Be7 8. e4
O-O 9. c3 Bh5 10. Qb3 Qb6 11. exd5 cxd5 12. Qxb6 Nxb6 13. Ne5 Na4 14. Bf1 a6
15. Bd3 Rfc8 16. h3 Ne8 17. g4 Bg6 18. Nxg6 hxg6 19. Nf1 Nd6 20. Ne3 Bd8 21.
Rb1 b5 22. Bd2 Rab8 23. Rec1 Nc4 24. Bxc4 bxc4 25. b3 Nb6 26. bxc4 Nxc4 27.
Nxc4 dxc4 28. Bf4 Rxb1 29. Rxb1 Ba5 30. Bd2 e5 31. dxe5 Rd8 32. Be1 Rd3 33. Kg2
Kf8 34. Rb8+ Ke7 35. Ra8 Bxc3 36. Bxc3 Rxc3 37. Rxa6 g5 38. Rc6 Kd7 39. Rc5 Ke6
40. a4 g6 41. a5 Ra3 42. Rxc4 1/2-1/2

[Event "SG Porz 2 - SC Rochade Emsdetten 1"]
[Site "NRW-Liga - Gruppe 1 2019/2020"]
[Date "2019.09.15"]
[Round "1.3"]
[White "Lehmann, Holger"]
[Black "Pauly, Carlo"]
[Result "0-1"]
[WhiteElo "2166"]
[BlackElo "2239"]
[PlyCount "80"]
[EventDate "2019.??.??"]
[SourceVersionDate "2020.03.16"]
[WhiteTeam "SC Rochade Emsdetten 1"]
[BlackTeam "SG Porz 2"]

1. d4 Nf6 2. c4 g6 3. Nc3 Bg7 4. e4 d6 5. h3 O-O 6. Bg5 c5 7. d5 e6 8. Bd3 exd5
9. exd5 Nbd7 10. Nf3 Re8+ 11. Kf1 Ne5 12. Nxe5 Rxe5 13. Bf4 Re8 14. Qd2 a6 15.
a4 Qb6 16. g4 Nd7 17. a5 Qc7 18. Kg2 Ne5 19. Be2 b6 20. axb6 Qxb6 21. Na4 Qb7
22. Qc2 Rb8 23. Bd2 f5 24. g5 Qf7 25. f4 Nc6 26. Bd1 Nd4 27. Qd3 Bd7 28. Bc3
Re4 29. Rf1 Qe7 30. Bd2 Bxa4 31. Rxa4 Rxb2 32. Rf2 Qb7 33. Qa3 Nb3 34. Bxb3
Rxb3 35. Qa2 Rxc4 36. Rxa6 Qxd5+ 37. Kh2 Qd3 38. Ra8+ Bf8 39. Rxf8+ Kxf8 40.
Qa8+ Kf7 0-1

[Event "SG Porz 2 - SC Rochade Emsdetten 1"]
[Site "NRW-Liga - Gruppe 1 2019/2020"]
[Date "2019.09.15"]
[Round "1.4"]
[White "Wagenknecht, Uwe"]
[Black "Hiller, Simon"]
[Result "0-1"]
[WhiteElo "2149"]
[BlackElo "2141"]
[PlyCount "68"]
[EventDate "2019.??.??"]
[SourceVersionDate "2020.03.16"]
[WhiteTeam "SG Porz 2"]
[BlackTeam "SC Rochade Emsdetten 1"]

1. c4 c6 2. Nf3 d5 3. e3 Nf6 4. Nc3 e6 5. b3 Nbd7 6. Qc2 Bd6 7. Bb2 O-O 8. Be2
Re8 9. Rc1 e5 10. cxd5 Nxd5 11. d3 N7f6 12. O-O Nxc3 13. Bxc3 Nd5 14. Bb2 Nb4
15. Qb1 Qf6 16. e4 Bg4 17. a3 Bxf3 18. Bxf3 Na6 19. Be2 Qh6 20. g3 Nc5 21. b4
Nb3 22. Qc2 Nxc1 23. Bxc1 Qe6 24. f4 exf4 25. gxf4 a5 26. Qc3 axb4 27. axb4 Qe7
28. Bb2 f6 29. Bh5 Rf8 30. Qc4+ Kh8 31. b5 cxb5 32. Qxb5 Qc7 33. Rc1 Qd8 34.
Rf1 Ra5 0-1

[Event "SG Porz 2 - SC Rochade Emsdetten 1"]
[Site "NRW-Liga - Gruppe 1 2019/2020"]
[Date "2019.09.15"]
[Round "1.5"]
[White "Paalman, Henk-Jan"]
[Black "Liard, Thibaud"]
[Result "1-0"]
[WhiteElo "2140"]
[BlackElo "2138"]
[Annotator "Daniel"]
[PlyCount "113"]
[EventDate "2019.??.??"]
[SourceVersionDate "2020.03.16"]
[WhiteTeam "SC Rochade Emsdetten 1"]
[BlackTeam "SG Porz 2"]

1. d4 Nf6 2. c4 d6 3. Nf3 Nbd7 4. Nc3 g6 5. e4 Bg7 6. h3 O-O 7. Bd3 e5 8. d5
Nh5 9. Bg5 f6 10. Be3 Nf4 11. Bxf4 exf4 12. Qd2 Nc5 13. O-O-O f5 14. exf5 Nxd3+
15. Qxd3 Bxf5 16. Ne4 Re8 17. Rhe1 $11 Rxe4 18. Rxe4 Qf6 19. Rd2 c5 20. Qe2
Bxe4 21. Qxe4 b5 22. cxb5 h6 23. Re2 Rb8 24. a4 Rb6 25. Qe6+ Qxe6 26. Rxe6 a6
27. bxa6 Rxa6 28. b3 c4 29. Kc2 cxb3+ 30. Kxb3 Kf7 31. Nd2 Rb6+ 32. Kc4 Be5 33.
a5 Rb2 34. Ne4 Rc2+ 35. Kb3 Rb2+ 36. Kc4 Rc2+ 37. Kb5 Rb2+ 38. Kc6 Rc2+ 39. Kd7
Ra2 40. Re7+ Kf8 41. Re8+ Kf7 42. Ra8 Re2 43. f3 Rxg2 44. a6 Bd4 45. Nxd6+ Kg7
46. Nb5 Bg1 47. Rc8 Ra2 48. a7 Bxa7 49. Ra8 Rf2 50. Rxa7 Rxf3 51. Ke6+ Kf8 52.
Nd4 Rd3 53. Kf6 Kg8 54. Ne6 Rxd5 55. Ra8+ Kh7 56. Nf8+ Kg8 57. Nxg6+ 1-0

[Event "SG Porz 2 - SC Rochade Emsdetten 1"]
[Site "NRW-Liga - Gruppe 1 2019/2020"]
[Date "2019.09.15"]
[Round "1.6"]
[White "Gallasch, Jonas"]
[Black "Lemli, Thomas"]
[Result "0-1"]
[WhiteElo "2144"]
[BlackElo "1966"]
[PlyCount "120"]
[EventDate "2019.??.??"]
[SourceVersionDate "2020.03.16"]
[WhiteTeam "SG Porz 2"]
[BlackTeam "SC Rochade Emsdetten 1"]

1. d4 d5 2. c4 c6 3. cxd5 cxd5 4. Nc3 Nf6 5. Nf3 Nc6 6. Bf4 a6 7. Rc1 Bf5 8. e3
e6 9. Qb3 Bb4 10. Be2 O-O 11. O-O Qe7 12. Na4 Na5 13. Qd1 Rac8 14. a3 Bd6 15.
b4 Bxf4 16. exf4 Nc4 17. Bxc4 Rxc4 18. Ne5 Rc7 19. f3 Rfc8 20. Rc5 Qd6 21. Qe2
h6 22. Rfc1 Ne8 23. Qd2 f6 24. Nd7 Rxc5 25. Ndxc5 Rc7 26. Re1 h5 27. Qe2 Re7
28. g4 hxg4 29. fxg4 Bh7 30. Qf3 b6 31. Nxa6 Be4 32. Qf1 Ra7 33. Nc3 Qc6 34.
Rc1 Qb7 35. Nxe4 dxe4 36. b5 Qd5 37. Qc4 Qd6 38. f5 Re7 39. Re1 Qf4 40. Qe2
exf5 41. gxf5 Qxf5 42. Nb4 Nd6 43. Nc6 Re8 44. Qa2+ Kh8 45. a4 e3 46. Qg2 Re4
47. Kh1 Qh5 48. Qe2 Qh4 49. Rf1 g6 50. Qe1 Nf5 51. d5 e2 52. Rg1 Qf4 53. Qc3
Kh7 54. a5 Re3 55. Qe1 Qf3+ 56. Rg2 Rd3 57. Kg1 Rd1 58. Rxe2 Rxe1+ 59. Rxe1 Nh4
60. Re7+ Kh6 0-1

[Event "SG Porz 2 - SC Rochade Emsdetten 1"]
[Site "NRW-Liga - Gruppe 1 2019/2020"]
[Date "2019.09.15"]
[Round "1.7"]
[White "Bilecen, Simon"]
[Black "Mohammadi Nia, Borna"]
[Result "0-1"]
[WhiteElo "1745"]
[BlackElo "2134"]
[Annotator "Daniel"]
[PlyCount "86"]
[EventDate "2019.??.??"]
[SourceVersionDate "2020.03.16"]
[WhiteTeam "SC Rochade Emsdetten 1"]
[BlackTeam "SG Porz 2"]

1. d4 Nf6 2. Bf4 g6 3. e3 Bg7 4. Nd2 d5 5. Ngf3 O-O 6. Be2 c5 7. c3 Nc6 8. h3
Nd7 9. O-O e5 10. dxe5 Ndxe5 11. Nxe5 Nxe5 12. Nf3 Nc6 13. Qb3 d4 14. exd4 cxd4
15. Rad1 Qe7 16. Bb5 Qe4 17. Bg3 dxc3 18. bxc3 Be6 19. Qa3 Qc2 20. Bxc6 bxc6
21. Nd4 Qxa2 22. Qxa2 Bxa2 23. Ra1 Bd5 24. Bd6 Rfe8 25. Bc5 a5 26. Ra3 Ra6 27.
Rfa1 Rea8 28. Ra4 Be5 29. Bb4 Bc7 30. Bc5 f5 31. f3 Re8 32. Kf2 Rb8 33. Bb4 $11
Bb6 34. Bd6 Rd8 35. Bf4 c5 36. Ne2 Bb3 37. R4a3 c4+ 38. Nd4 a4 39. Be3 Bc5 40.
Nxb3 Bxa3 41. Nd2 Bb2 42. Ra2 Bxc3 43. Nxc4 Bd4 0-1